Indian Polity (Record no. 353160)
[ view plain ]
| 000 -LEADER | |
|---|---|
| fixed length control field | 00483nam a2200169Ia 4500 |
| 008 - FIXED-LENGTH DATA ELEMENTS--GENERAL INFORMATION | |
| fixed length control field | 230718s9999 xx 000 0 und d |
| 020 ## - INTERNATIONAL STANDARD BOOK NUMBER | |
| International Standard Book Number | 9789354600357 |
| 041 ## - LANGUAGE CODE | |
| Language code of text/sound track or separate title | eng |
| 082 ## - DEWEY DECIMAL CLASSIFICATION NUMBER | |
| Classification number | 342.54 |
| Item number | LAX |
| 100 ## - MAIN ENTRY--PERSONAL NAME | |
| Personal name | Laxmikanth M. |
| 245 ## - TITLE STATEMENT | |
| Title | Indian Polity |
| Remainder of title | For Civil Services And Other State Examinations |
| 250 ## - EDITION STATEMENT | |
| Edition statement | 6th ed.RIV |
| 260 ## - PUBLICATION, DISTRIBUTION, ETC. (IMPRINT) | |
| Date of publication, distribution, etc. | 2022 |
| Name of publisher, distributor, etc. | McGraw Hill |
| 365 ## - TRADE PRICE | |
| Currency code | Rs. |
| Price amount | 995.00 |
| 700 ## - ADDED ENTRY--PERSONAL NAME | |
| Personal name | Laxmikanth M. |
| 906 ## - LOCAL DATA ELEMENT F, LDF (RLIN) | |
| d | O:0773723-Dec-2022B:14415-Dec-2022 |
| c | GENRL |
| b | 248.75 |
| Withdrawn status | Lost status | Damaged status | Not for loan | Home library | Current library | Date acquired | Vendor | Budget Code | Cost, normal purchase price | Bill number | Total Checkouts | Full call number | Barcode | Date last seen | Date last checked out | Discount | Cost, replacement price | Bill Date | Koha item type | Original Barcode |
|---|---|---|---|---|---|---|---|---|---|---|---|---|---|---|---|---|---|---|---|---|
| Cummins College of Engineering for Women Pune | Cummins College of Engineering for Women Pune | 23/12/2022 | Om Book Stall | GENRL | 746.25 | 144 | 12 | 342.54 | CCEP-BK-64371 | 08/09/2025 | 25/08/2025 | 248.75 | 995.00 | 15/12/2022 | Books | 064371 |